Status of natural resources and socio-economic indicators (Record no. 504053)

000 -LEADER
fixed length control field 00472cam a22001457a 4500
008 - FIXED-LENGTH DATA ELEMENTS--GENERAL INFORMATION
fixed length control field 180718b2012 xxu||||| |||| 00| 0 eng d
082 ## - DEWEY DECIMAL CLASSIFICATION NUMBER
Classification number Yx54 J199s
100 ## - MAIN ENTRY--PERSONAL NAME
Personal name Jain, Hansa
9 (RLIN) 11598
245 ## - TITLE STATEMENT
Title Status of natural resources and socio-economic indicators
Statement of responsibility, etc by Hansa Jain
260 ## - PUBLICATION, DISTRIBUTION, ETC. (IMPRINT)
Place of publication, distribution, etc Ahmedabad
Name of publisher, distributor, etc Sardar patel institute of economic and social research
Date of publication, distribution, etc 2012
300 ## - PHYSICAL DESCRIPTION
Extent 33p.
500 ## - GENERAL NOTE
General note Working paper 9
650 ## - SUBJECT ADDED ENTRY--TOPICAL TERM
Topical term or geographic name as entry element Natural resources -- India.
9 (RLIN) 11599
942 ## - ADDED ENTRY ELEMENTS (KOHA)
Source of classification or shelving scheme
Holdings
Withdrawn status Lost status Source of classification or shelving scheme Damaged status Koha normalized classification for sorting Not for loan Permanent location Current location Date acquired Full call number Barcode Date last seen Price effective from Koha item type
        YX_54_000000000000000_J199S   Indian Institute of Public Administration Indian Institute of Public Administration 2018-08-04 Yx54 J199s GR20484 2018-08-04 2018-08-04 GR

Powered by Koha